| 000 -LEADER |
| fixed length control field |
01641cam a22003974a 4500 |
| 001 - CONTROL NUMBER |
| control field |
15049713 |
| 005 - DATE AND TIME OF LATEST TRANSACTION |
| control field |
20211112170735.0 |
| 008 - FIXED-LENGTH DATA ELEMENTS--GENERAL INFORMATION |
| fixed length control field |
071018s2007 xxua b 001 0 eng |
| 010 ## - LIBRARY OF CONGRESS CONTROL NUMBER |
| LC control number |
2006908598 |
| 020 ## - INTERNATIONAL STANDARD BOOK NUMBER |
| Canceled/invalid ISBN |
09780495244714 |
| 020 ## - INTERNATIONAL STANDARD BOOK NUMBER |
| International Standard Book Number |
0495244716 |
| 040 ## - CATALOGING SOURCE |
| Original cataloging agency |
DLC |
| Transcribing agency |
DLC |
| Modifying agency |
DLC |
| 050 00 - LIBRARY OF CONGRESS CALL NUMBER |
| Classification number |
TA684 |
| Item number |
.S424 2007 |
| 080 ## - UNIVERSAL DECIMAL CLASSIFICATION NUMBER |
| Universal Decimal Classification number |
624.1.083 S-43 |
| 082 00 - DEWEY DECIMAL CLASSIFICATION NUMBER |
| Classification number |
624.1/821 |
| Edition number |
22 |
| 100 1# - MAIN ENTRY--PERSONAL NAME |
| Personal name |
Segui, William T. |
| 9 (RLIN) |
12909 |
| 245 10 - TITLE STATEMENT |
| Title |
Steel design / |
| Statement of responsibility, etc. |
William T. Segui. |
| 250 ## - EDITION STATEMENT |
| Edition statement |
4th ed. |
| 260 ## - PUBLICATION, DISTRIBUTION, ETC. |
| Place of publication, distribution, etc. |
United States : |
| Name of publisher, distributor, etc. |
Thomson, |
| Date of publication, distribution, etc. |
c2007. |
| 300 ## - PHYSICAL DESCRIPTION |
| Extent |
vi, 694 p. : |
| Other physical details |
ill. ; |
| Dimensions |
25 cm. |
| 500 ## - GENERAL NOTE |
| General note |
Rev. ed. of: LRFD steel design / William T. Segui. c2003. |
| 504 ## - BIBLIOGRAPHY, ETC. NOTE |
| Bibliography, etc. note |
Includes bibliographical references (p. 683-685) and index. |
| 650 #0 - SUBJECT ADDED ENTRY--TOPICAL TERM |
| Topical term or geographic name entry element |
Building, Iron and steel. |
| 9 (RLIN) |
12910 |
| 650 #0 - SUBJECT ADDED ENTRY--TOPICAL TERM |
| Topical term or geographic name entry element |
Load factor design. |
| 9 (RLIN) |
12911 |
| 650 #0 - SUBJECT ADDED ENTRY--TOPICAL TERM |
| Topical term or geographic name entry element |
Steel, Structural. |
| 9 (RLIN) |
12912 |
| 653 ## - INDEX TERM--UNCONTROLLED |
| keyword |
Steel Design |
| 653 ## - INDEX TERM--UNCONTROLLED |
| keyword |
საინჟინრო ნაგებობების მშენებლობა |
| 653 ## - INDEX TERM--UNCONTROLLED |
| keyword |
Строительство инженерных сооружений |
| 700 1# - ADDED ENTRY--PERSONAL NAME |
| Personal name |
Segui, William T. |
| Title of a work |
LRFD steel design. |
| 9 (RLIN) |
12913 |
| 856 41 - ELECTRONIC LOCATION AND ACCESS |
| Materials specified |
Table of contents only |
| Uniform Resource Identifier |
http://www.loc.gov/catdir/enhancements/fy1212/2006908598-t.html |
| 856 42 - ELECTRONIC LOCATION AND ACCESS |
| Materials specified |
Publisher description |
| Uniform Resource Identifier |
http://www.loc.gov/catdir/enhancements/fy1212/2006908598-d.html |
| 856 42 - ELECTRONIC LOCATION AND ACCESS |
| Materials specified |
Contributor biographical information |
| Uniform Resource Identifier |
http://www.loc.gov/catdir/enhancements/fy1302/2006908598-b.html |
| 906 ## - LOCAL DATA ELEMENT F, LDF (RLIN) |
| a |
7 |
| b |
cbc |
| c |
origcop |
| d |
2 |
| e |
opcn |
| f |
20 |
| g |
y-gencatlg |
| 942 ## - ADDED ENTRY ELEMENTS (KOHA) |
| Source of classification or shelving scheme |
|
| Koha item type |
წიგნი |